Online
Catalog
Normal view MARC view

Entry Nombre geográfico

Number of records used in: 9

001 - NÚMERO DE CONTROL

  • campo de control: 13570

003 - IDENTIFICADOR DEL NÚMERO DE CONTROL

  • campo de control: OSt

005 - FECHA Y HORA DE LA ÚLTIMA TRANSACCIÓN

  • campo de control: 20200615032429.0

008 - DATOS DE LONGITUD FIJA

  • campo de control de longitud fija: 200615|| aca||aabn | a|a d

040 ## - FUENTE DE LA CATALOGACIÓN

  • Centro catalogador/agencia de origen: OSt
  • Centro/agencia transcriptor: OSt

151 ## - ENCABEZAMIENTO--NOMBRE GEOGRÁFICO

  • Nombre geográfico: PUERTO RICO
  • Subdivisión general: CIVILIZACIÓN

670 ## - FUENTE DE DATOS ENCONTRADOS

  • Cita de la fuente: Work cat.: (OSt)4454: Pedreira, Antonio Salvador, 1899-1939 13569, Insularismo :, 2001.

Powered by Koha